000 00737nam a2200265Ia 4500
003 OSt
005 20221007111700.0
006 a|||||r|||| 00| 0
007 ta
008 221006b |||||||| |||| 00| 0 eng d
020 _a8188327182
024 _a24,086
037 _cTextual
040 _aLCO
_cLCO
_beng
041 _2eng
_aeng
082 _aZ2,5151, P6
100 _aMagoo Ish Kumar
_9708432
245 0 _aLaw Relating to Sexual Offences and Homosexuality in India
260 _aDelhi
_bCapital Publishing House India
_c2006
300 _a406
650 _a HOMOSEXUALITY
_9582096
650 _aSEXUAL OFFENCE
_9708433
942 _hZ2,5151, P6
_cTEXL
999 _c1193649
_d1193649